000 00926nam a2200289 c 4500
003 DO-SdBNP
005 20250304135933.0
007 ta
008 250304s1980 dr d 000 0 spa d
040 _aDO-SdBNP
_bspa
_cBNPHU
_erda
082 _a604.245
_bB142d, 1980
_222
100 1 _aBáez López-Penha, José Ramón
_931200
_eautor
_4aut.
245 1 0 _aDibujo lineal de proyección /
_cJosé R. Báez López-Penha
264 1 _aSanto Domingo :
_bEditora Taller,
_c1980.
300 _a136 páginas
_bgráficas
_c23 cm.
336 _atexto
_btxt
_2rdacontent
337 _asin mediación
_bn
_2rdamedia
338 _avolumen
_bnc
_2rdacarrier
500 _aincluye páginas de graficas.
590 _aInventariado,2025/ YL
650 4 _aDibujo geométrico
_96895
650 4 _aProyección
_931201
650 4 _aGeometría descriptiva
_910297
650 4 _aDibujo técnico
_910296
910 _aYLockward
942 _2ddc
_cLBS1
999 _c58291
_d58291